[Event "Santa Rosa La Pampa op 7th"]
[Site "Santa Rosa La Pampa"]
[Date "2024.07.08"]
[Round "7"]
[White "Pesce, Carlos"]
[Black "Bricheto, Facundo"]
[Result "1-0"]
[WhiteElo "1910"]
[BlackElo "1596"]
[PlyCount "139"]
[EventDate "2024.07.06"]
[EventType "swiss"]
[EventRounds "7"]
[EventCountry "ARG"]
[SourceTitle "CBM 221 Extra"]
[Source "ChessBase"]
[SourceDate "2024.09.30"]
[SourceVersion "1"]
[SourceVersionDate "2024.09.30"]
[SourceQuality "1"]

1. c4 Nf6 2. g3 e6 3. Bg2 d5 4. Nf3 g6 5. b3 Bg7 6. Bb2 dxc4 7. bxc4 Nc6 8. 0-0 0-0 9. d3 Re8 10. Ne5 Nxe5 11. Bxe5 Nd7 12. Bxg7 Kxg7 13. Qb3 Nc5 14. Qa3 Qd4 15. Nd2 e5 16. Nb3 Nxb3 17. Qxb3 Rb8 18. e3 Qd6 19. Rad1 c5 20. Qa3 b5 21. cxb5 Rxb5 22. d4 exd4 23. Rxd4 Ra5 24. Qxa5 cxd4 25. Rd1 Qb8 26. Qa4 Rd8 27. exd4 Qb6 28. d5 Bb7 29. Qd4+ Qxd4 30. Rxd4 Kf6 31. f4 Rd6 32. Kf2 Ke7 33. Ke3 f5 34. Rd2 a5 35. Kd4 Rb6 36. Kc5 Rb1 37. d6+ Kd7 38. Bxb7 Rxb7 39. Re2 Kd8 40. Kc6 Rb1 41. Re5 Rc1+ 42. Rc5 Rb1 43. Rxa5 Rc1+ 44. Rc5 Ra1 45. Rc2 h5 46. Kd5 Rd1+ 47. Ke6 Re1+ 48. Kf6 Kd7 49. Rd2 Re6+ 50. Kf7 h4 51. a4 hxg3 52. hxg3 Re3 53. Kxg6 Rxg3+ 54. Kxf5 Rg8 55. a5 Rf8+ 56. Ke5 Re8+ 57. Kd5 Rf8 58. Re2 Rxf4 59. Re7+ Kd8 60. a6 Rf1 61. a7 Rd1+ 62. Ke6 Re1+ 63. Kf6 Rf1+ 64. Kg7 Rg1+ 65. Kf8 Ra1 66. Rb7 Rf1+ 67. Kg7 Rg1+ 68. Kf6 Rf1+ 69. Ke5 Re1+ 70. Kf4 1-0